<?xml version="1.0" encoding="UTF-8"?>
<record
    xmlns:xsi="http://www.w3.org/2001/XMLSchema-instance"
    xsi:schemaLocation="http://www.loc.gov/MARC21/slim http://www.loc.gov/standards/marcxml/schema/MARC21slim.xsd"
    xmlns="http://www.loc.gov/MARC21/slim">

  <leader>01088nam a2200241Ia 4500</leader>
  <datafield tag="999" ind1=" " ind2=" ">
    <subfield code="c">36791</subfield>
    <subfield code="d">36791</subfield>
  </datafield>
  <controlfield tag="001">2731</controlfield>
  <controlfield tag="003">GE_BSU</controlfield>
  <controlfield tag="005">20190605205014.0</controlfield>
  <controlfield tag="008">181216s2011||||ge |||||||||||||| ||geo||</controlfield>
  <datafield tag="020" ind1=" " ind2=" ">
    <subfield code="a">97899410300792</subfield>
  </datafield>
  <datafield tag="040" ind1=" " ind2=" ">
    <subfield code="c">GE_BSU</subfield>
  </datafield>
  <datafield tag="041" ind1=" " ind2=" ">
    <subfield code="a">geo</subfield>
  </datafield>
  <datafield tag="080" ind1=" " ind2=" ">
    <subfield code="a">657(075.8)+65.6&#x2013;051(0&#x2013;75.8) &#x10E1;-36</subfield>
  </datafield>
  <datafield tag="100" ind1=" " ind2=" ">
    <subfield code="a">&#x10E1;&#x10D0;&#x10EE;&#x10DD;&#x10D9;&#x10D8;&#x10D0;, &#x10D2;&#x10D8;&#x10DD;&#x10E0;&#x10D2;&#x10D8; </subfield>
    <subfield code="9">2204</subfield>
  </datafield>
  <datafield tag="245" ind1=" " ind2=" ">
    <subfield code="a">&#x10D1;&#x10E3;&#x10E6;&#x10D0;&#x10DA;&#x10E2;&#x10E0;&#x10E3;&#x10DA;&#x10D8; &#x10D0;&#x10E6;&#x10E0;&#x10D8;&#x10EA;&#x10EE;&#x10D5;&#x10D0; &#x10D3;&#x10D0; &#x10D0;&#x10E3;&#x10D3;&#x10D8;&#x10E2;&#x10D8; :</subfield>
    <subfield code="b">&#x10D3;&#x10D0;&#x10DB;&#x10EE;&#x10DB;&#x10D0;&#x10E0;&#x10D4; &#x10E1;&#x10D0;&#x10EE;&#x10D4;&#x10DA;&#x10DB;&#x10EB;&#x10E6;&#x10D5;&#x10D0;&#x10DC;&#x10D4;&#x10DA;&#x10DD; /</subfield>
    <subfield code="c">&#x10D2;&#x10D8;&#x10DD;&#x10E0;&#x10D2;&#x10D8; &#x10D0;. &#x10E1;&#x10D0;&#x10EE;&#x10DD;&#x10D9;&#x10D8;&#x10D0;, &#x10EF;&#x10D4;&#x10DB;&#x10D0;&#x10DA; &#x10D0;&#x10DC;&#x10D0;&#x10DC;&#x10D8;&#x10EB;&#x10D4;, &#x10D2;&#x10D8;&#x10DD;&#x10E0;&#x10D2;&#x10D8; &#x10D2;. &#x10E1;&#x10D0;&#x10EE;&#x10DD;&#x10D9;&#x10D8;&#x10D0;.</subfield>
  </datafield>
  <datafield tag="264" ind1=" " ind2=" ">
    <subfield code="a">&#x10D7;&#x10D1;&#x10D8;&#x10DA;&#x10D8;&#x10E1;&#x10D8; :</subfield>
    <subfield code="b">&#x10D2;&#x10D4;&#x10DD;&#x10E0;&#x10D2;&#x10D8;&#x10D9;&#x10D0;,</subfield>
    <subfield code="c">2010. </subfield>
  </datafield>
  <datafield tag="300" ind1=" " ind2=" ">
    <subfield code="a">571 &#x10D2;&#x10D5;.;</subfield>
    <subfield code="b">21&#x10E1;&#x10DB;.</subfield>
  </datafield>
  <datafield tag="653" ind1=" " ind2=" ">
    <subfield code="a">&#x10D1;&#x10E3;&#x10E6;&#x10D0;&#x10DA;&#x10E2;&#x10E0;&#x10E3;&#x10DA;&#x10D8; &#x10D0;&#x10E6;&#x10E0;&#x10D8;&#x10EA;&#x10EE;&#x10D5;&#x10D0;</subfield>
  </datafield>
  <datafield tag="653" ind1=" " ind2=" ">
    <subfield code="a">&#x10D0;&#x10E3;&#x10D3;&#x10D8;&#x10E2;&#x10D8;</subfield>
  </datafield>
  <datafield tag="700" ind1=" " ind2=" ">
    <subfield code="a">&#x10D0;&#x10DC;&#x10D0;&#x10DC;&#x10D8;&#x10EB;&#x10D4;, &#x10EF;&#x10D4;&#x10DB;&#x10D0;&#x10DA;</subfield>
    <subfield code="e">&#x10D0;&#x10D5;&#x10E2;&#x10DD;&#x10E0;&#x10D8;</subfield>
    <subfield code="9">2205</subfield>
  </datafield>
  <datafield tag="700" ind1=" " ind2=" ">
    <subfield code="a">&#x10E1;&#x10D0;&#x10EE;&#x10DD;&#x10D9;&#x10D8;&#x10D0;, &#x10D2;&#x10D8;&#x10DD;&#x10E0;&#x10D2;&#x10D8; &#x10D2;.</subfield>
    <subfield code="e">&#x10D0;&#x10D5;&#x10E2;&#x10DD;&#x10E0;&#x10D8;</subfield>
    <subfield code="9">2206</subfield>
  </datafield>
  <datafield tag="942" ind1=" " ind2=" ">
    <subfield code="c">BK</subfield>
    <subfield code="2">udc</subfield>
  </datafield>
  <datafield tag="952" ind1=" " ind2=" ">
    <subfield code="0">0</subfield>
    <subfield code="1">0</subfield>
    <subfield code="2">udc</subfield>
    <subfield code="4">0</subfield>
    <subfield code="6">65707586560510758_&#x10E1;36</subfield>
    <subfield code="7">0</subfield>
    <subfield code="9">35918</subfield>
    <subfield code="a">CPL</subfield>
    <subfield code="b">CPL</subfield>
    <subfield code="c">GEN</subfield>
    <subfield code="d">2018-12-17</subfield>
    <subfield code="g">20.00</subfield>
    <subfield code="o">657(075.8)+65.6&#x2013;051(0&#x2013;75.8) &#x10E1;-36</subfield>
    <subfield code="p">4613</subfield>
    <subfield code="r">2018-12-17</subfield>
    <subfield code="t">4613</subfield>
    <subfield code="w">2018-12-17</subfield>
    <subfield code="y">BK</subfield>
    <subfield code="z">20 &#x10DA;.</subfield>
  </datafield>
  <datafield tag="952" ind1=" " ind2=" ">
    <subfield code="0">0</subfield>
    <subfield code="1">0</subfield>
    <subfield code="2">udc</subfield>
    <subfield code="4">0</subfield>
    <subfield code="6">65707586560510758_&#x10E1;36</subfield>
    <subfield code="7">0</subfield>
    <subfield code="9">35919</subfield>
    <subfield code="a">CPL</subfield>
    <subfield code="b">CPL</subfield>
    <subfield code="c">GEN</subfield>
    <subfield code="d">2018-12-17</subfield>
    <subfield code="g">20.00</subfield>
    <subfield code="o">657(075.8)+65.6&#x2013;051(0&#x2013;75.8) &#x10E1;-36</subfield>
    <subfield code="p">4614</subfield>
    <subfield code="r">2018-12-17</subfield>
    <subfield code="t">4614</subfield>
    <subfield code="w">2018-12-17</subfield>
    <subfield code="y">BK</subfield>
    <subfield code="z">20 &#x10DA;.</subfield>
  </datafield>
  <datafield tag="952" ind1=" " ind2=" ">
    <subfield code="0">0</subfield>
    <subfield code="1">0</subfield>
    <subfield code="2">udc</subfield>
    <subfield code="4">0</subfield>
    <subfield code="6">65707586560510758_&#x10E1;36</subfield>
    <subfield code="7">0</subfield>
    <subfield code="9">35920</subfield>
    <subfield code="a">CPL</subfield>
    <subfield code="b">CPL</subfield>
    <subfield code="c">GEN</subfield>
    <subfield code="d">2018-12-17</subfield>
    <subfield code="g">20.00</subfield>
    <subfield code="o">657(075.8)+65.6&#x2013;051(0&#x2013;75.8) &#x10E1;-36</subfield>
    <subfield code="p">4615</subfield>
    <subfield code="r">2018-12-17</subfield>
    <subfield code="t">4615</subfield>
    <subfield code="w">2018-12-17</subfield>
    <subfield code="y">BK</subfield>
    <subfield code="z">20 &#x10DA;.</subfield>
  </datafield>
  <datafield tag="952" ind1=" " ind2=" ">
    <subfield code="0">0</subfield>
    <subfield code="1">0</subfield>
    <subfield code="2">udc</subfield>
    <subfield code="4">0</subfield>
    <subfield code="6">65707586560510758_&#x10E1;36</subfield>
    <subfield code="7">0</subfield>
    <subfield code="9">35921</subfield>
    <subfield code="a">CPL</subfield>
    <subfield code="b">CPL</subfield>
    <subfield code="c">GEN</subfield>
    <subfield code="d">2018-12-17</subfield>
    <subfield code="g">20.00</subfield>
    <subfield code="o">657(075.8)+65.6&#x2013;051(0&#x2013;75.8) &#x10E1;-36</subfield>
    <subfield code="p">4616</subfield>
    <subfield code="r">2018-12-17</subfield>
    <subfield code="t">4616</subfield>
    <subfield code="w">2018-12-17</subfield>
    <subfield code="y">BK</subfield>
    <subfield code="z">20 &#x10DA;.</subfield>
  </datafield>
  <datafield tag="952" ind1=" " ind2=" ">
    <subfield code="0">0</subfield>
    <subfield code="1">0</subfield>
    <subfield code="2">udc</subfield>
    <subfield code="4">0</subfield>
    <subfield code="6">65707586560510758_&#x10E1;36</subfield>
    <subfield code="7">0</subfield>
    <subfield code="9">35922</subfield>
    <subfield code="a">CPL</subfield>
    <subfield code="b">CPL</subfield>
    <subfield code="c">GEN</subfield>
    <subfield code="d">2018-12-17</subfield>
    <subfield code="g">20.00</subfield>
    <subfield code="o">657(075.8)+65.6&#x2013;051(0&#x2013;75.8) &#x10E1;-36</subfield>
    <subfield code="p">4617</subfield>
    <subfield code="r">2018-12-17</subfield>
    <subfield code="t">4617</subfield>
    <subfield code="w">2018-12-17</subfield>
    <subfield code="y">BK</subfield>
    <subfield code="z">20 &#x10DA;.</subfield>
  </datafield>
  <datafield tag="952" ind1=" " ind2=" ">
    <subfield code="0">0</subfield>
    <subfield code="1">0</subfield>
    <subfield code="2">udc</subfield>
    <subfield code="4">0</subfield>
    <subfield code="6">65707586560510758_&#x10E1;36</subfield>
    <subfield code="7">0</subfield>
    <subfield code="9">35923</subfield>
    <subfield code="a">CPL</subfield>
    <subfield code="b">CPL</subfield>
    <subfield code="c">GEN</subfield>
    <subfield code="d">2018-12-17</subfield>
    <subfield code="g">20.00</subfield>
    <subfield code="o">657(075.8)+65.6&#x2013;051(0&#x2013;75.8) &#x10E1;-36</subfield>
    <subfield code="p">4618</subfield>
    <subfield code="r">2018-12-17</subfield>
    <subfield code="t">4618</subfield>
    <subfield code="w">2018-12-17</subfield>
    <subfield code="y">BK</subfield>
    <subfield code="z">20 &#x10DA;.</subfield>
  </datafield>
  <datafield tag="952" ind1=" " ind2=" ">
    <subfield code="0">0</subfield>
    <subfield code="1">0</subfield>
    <subfield code="2">udc</subfield>
    <subfield code="4">0</subfield>
    <subfield code="6">65707586560510758_&#x10E1;36</subfield>
    <subfield code="7">0</subfield>
    <subfield code="9">35924</subfield>
    <subfield code="a">CPL</subfield>
    <subfield code="b">CPL</subfield>
    <subfield code="c">GEN</subfield>
    <subfield code="d">2018-12-17</subfield>
    <subfield code="g">20.00</subfield>
    <subfield code="o">657(075.8)+65.6&#x2013;051(0&#x2013;75.8) &#x10E1;-36</subfield>
    <subfield code="p">4619</subfield>
    <subfield code="r">2018-12-17</subfield>
    <subfield code="t">4619</subfield>
    <subfield code="w">2018-12-17</subfield>
    <subfield code="y">BK</subfield>
    <subfield code="z">20 &#x10DA;.</subfield>
  </datafield>
  <datafield tag="952" ind1=" " ind2=" ">
    <subfield code="0">0</subfield>
    <subfield code="1">0</subfield>
    <subfield code="2">udc</subfield>
    <subfield code="4">0</subfield>
    <subfield code="6">65707586560510758_&#x10E1;36</subfield>
    <subfield code="7">0</subfield>
    <subfield code="9">35925</subfield>
    <subfield code="a">CPL</subfield>
    <subfield code="b">CPL</subfield>
    <subfield code="c">GEN</subfield>
    <subfield code="d">2018-12-17</subfield>
    <subfield code="g">20.00</subfield>
    <subfield code="o">657(075.8)+65.6&#x2013;051(0&#x2013;75.8) &#x10E1;-36</subfield>
    <subfield code="p">4620</subfield>
    <subfield code="r">2018-12-17</subfield>
    <subfield code="t">4620</subfield>
    <subfield code="w">2018-12-17</subfield>
    <subfield code="y">BK</subfield>
    <subfield code="z">20 &#x10DA;.</subfield>
  </datafield>
  <datafield tag="952" ind1=" " ind2=" ">
    <subfield code="0">0</subfield>
    <subfield code="1">0</subfield>
    <subfield code="2">udc</subfield>
    <subfield code="4">0</subfield>
    <subfield code="6">65707586560510758_&#x10E1;36</subfield>
    <subfield code="7">0</subfield>
    <subfield code="9">35926</subfield>
    <subfield code="a">CPL</subfield>
    <subfield code="b">CPL</subfield>
    <subfield code="c">GEN</subfield>
    <subfield code="d">2018-12-17</subfield>
    <subfield code="g">20.00</subfield>
    <subfield code="o">657(075.8)+65.6&#x2013;051(0&#x2013;75.8) &#x10E1;-36</subfield>
    <subfield code="p">4621</subfield>
    <subfield code="r">2018-12-17</subfield>
    <subfield code="t">4621</subfield>
    <subfield code="w">2018-12-17</subfield>
    <subfield code="y">BK</subfield>
    <subfield code="z">20 &#x10DA;.</subfield>
  </datafield>
  <datafield tag="952" ind1=" " ind2=" ">
    <subfield code="0">0</subfield>
    <subfield code="1">0</subfield>
    <subfield code="2">udc</subfield>
    <subfield code="4">0</subfield>
    <subfield code="6">65707586560510758_&#x10E1;36</subfield>
    <subfield code="7">0</subfield>
    <subfield code="9">35927</subfield>
    <subfield code="a">CPL</subfield>
    <subfield code="b">CPL</subfield>
    <subfield code="d">2018-12-17</subfield>
    <subfield code="g">20.00</subfield>
    <subfield code="o">657(075.8)+65.6&#x2013;051(0&#x2013;75.8) &#x10E1;-36</subfield>
    <subfield code="p">4622</subfield>
    <subfield code="r">2018-12-17</subfield>
    <subfield code="t">4622</subfield>
    <subfield code="w">2018-12-17</subfield>
    <subfield code="y">BK</subfield>
    <subfield code="z">20 &#x10DA;.</subfield>
  </datafield>
</record>
